000
00224 a2200097 4500
001
2905
100
_a
A Jabbar Khan
245
_a
Non Interest Banking in Pak Islamic State
260
_a
_b
Royal Book
_c
090
_c
2198
_d
2198
942
_a
NUST-CAE
_c
M
_c
13313
999
_c
237978
_d
237978